| 000 | 00457cam a2200181ua 4500 | ||
|---|---|---|---|
| 001 | 2757 | ||
| 008 | 110907n ii |||gr||||Z||||||asm | ||
| 040 | _cMAIN | ||
| 082 | _a891.4512 | ||
| 100 | 1 |
_aBhattacharyya, Taranikanta, _eAuthor. |
|
| 245 | 1 | 1 |
_aShakespeare _cby Taranikanta Bhattacharyya |
| 250 | _a2nd. | ||
| 260 |
_aGuahati: _bSarada Prakashan, _c2003. |
||
| 300 |
_a156p: _c23cm. |
||
| 653 | _aAssamese drama | ||
| 653 | _aShakespeare | ||
| 942 | _cBK | ||
| 999 |
_c2606 _d2606 |
||